ՀՀ Գիտությունների ազգային ակադեմիայի հիմնարար գիտական գրադարան  =   Fundamental Scientific Library of NAS RA

Лекарственные растения Каракалпаки / (Record no. 291067)

MARC details
000 -LEADER
fixed length control field 01158nam a2200253 u 4500
001 - CONTROL NUMBER
control field 000799479
003 - CONTROL NUMBER IDENTIFIER
control field AM-YeHGA
005 - DATE AND TIME OF LATEST TRANSACTION
control field 20250617144256.0
008 - FIXED-LENGTH DATA ELEMENTS--GENERAL INFORMATION
fixed length control field 110329s1983 ||||||||||||||||||||rus|c
040 ## - CATALOGING SOURCE
Original cataloging agency AM-YeHGA
041 0# - LANGUAGE CODE
Language code of text/sound track or separate title rus
090 ## - LOCALLY ASSIGNED LC-TYPE CALL NUMBER (OCLC); LOCAL CALL NUMBER (RLIN)
-- 292747
100 1# - MAIN ENTRY--PERSONAL NAME
Personal name Бахиев, А.
245 10 - TITLE STATEMENT
Title Лекарственные растения Каракалпаки /
Statement of responsibility, etc. А. Бахиев, К.Н. Бутов, С. Даулетмуратов; Академия наук Узбекской ССР., Комплексный институт естественных наук Каракалпакского филиала.
260 ## - PUBLICATION, DISTRIBUTION, ETC.
Place of publication, distribution, etc. Ташкент :
Name of publisher, distributor, etc. Изд. "Фан" УзССР,
Date of publication, distribution, etc. 1983.
300 ## - PHYSICAL DESCRIPTION
Extent 136 с. :
Other physical details ил. ;
Dimensions 22 см.
500 ## - GENERAL NOTE
General note Прилож. : с. 113-129
504 ## - BIBLIOGRAPHY, ETC. NOTE
Bibliography, etc. note Лит. : с. 130-134
650 14 - SUBJECT ADDED ENTRY--TOPICAL TERM
Topical term or geographic name entry element Лекарственные растения
700 1# - ADDED ENTRY--PERSONAL NAME
Personal name Бутов, К.Н.
700 1# - ADDED ENTRY--PERSONAL NAME
Personal name Даулетмуратов, С.
710 2# - ADDED ENTRY--CORPORATE NAME
Corporate name or jurisdiction name as entry element Академия наук Узбекской ССР
710 2# - ADDED ENTRY--CORPORATE NAME
Corporate name or jurisdiction name as entry element Комплексный институт естественных наук Каракалпакского филиала
Holdings
Withdrawn status Lost status Damaged status Not for loan Collection Home library Current library Date acquired Total checkouts Full call number Barcode Date last seen Price effective from Koha item type Public note
        General Fundamental Scientific Library Fundamental Scientific Library 29/12/2016   PII/511926 FL0210483 29/12/2016 29/12/2016 Գրքեր / Books 30 Days Loan


ՀՀ ԳԱԱ հիմնարար գիտական գրադարան
ՀՀ,Երևան 0019
Մարշալ Բաղրամյան 24/6
հեռախոս:(374-10) 52-47-50
Հետադարձ կապ

All site content, except where otherwise noted, is licensed under a
Creative Commons License